| 000 | 00803nam a2200265 i 4500 | ||
|---|---|---|---|
| 001 | 000027126 | ||
| 003 | DO-SdBNP | ||
| 005 | 20231005105116.0 | ||
| 007 | ta | ||
| 008 | 110329q1977 dr a 000 | spa d | ||
| 040 |
_aDO-SdBNP _bspa _cBNPHU _erda |
||
| 082 | 4 |
_aRD861.44 _bA836m _222 |
|
| 100 | 1 |
_aAsmar Sánchez, Alejandro, _920153 _eautor |
|
| 245 | 1 | 0 |
_aMiscelanea / _cAlejandro Asmar Sánchez |
| 264 |
_aSanto Domingo : _bCenturión, _c1977. |
||
| 300 |
_a168 páginas : _bilustraciones ; _c21 cm. |
||
| 336 |
_2rdacontent _atexto _btxt |
||
| 337 |
_2rdamedia _asin mediación _bn |
||
| 338 |
_2rdacarrier _avolumen _bnc |
||
| 590 | _aInventariado, 2003/MFF | ||
| 650 | 4 | _aPoesía Dominicana | |
| 650 | 4 | _aLiteratura dominicana | |
| 910 | _aValidado. Control de calidad MFF | ||
| 942 |
_2ddc _cLBS1 |
||
| 999 |
_c26618 _d26618 |
||